Entomology and nematology tutor on competitive view: (Record no. 194768)

MARC details
000 -LEADER
fixed length control field 00618nam a2200229 4500
003 - CONTROL NUMBER IDENTIFIER
control field OSt
020 ## - INTERNATIONAL STANDARD BOOK NUMBER
International Standard Book Number 9788193817346
082 ## - DEWEY DECIMAL CLASSIFICATION NUMBER
Classification number CE 632.703
Item number TAM/EN
100 ## - MAIN ENTRY--PERSONAL NAME
Personal name Tamilnayagan, T
245 ## - TITLE STATEMENT
Title Entomology and nematology tutor on competitive view:
Remainder of title For ICAR-JRF,SRF,ARS,IARI-PhD,SAU exams
260 ## - PUBLICATION, DISTRIBUTION, ETC. (IMPRINT)
Place of publication, distribution, etc New Delhi
Name of publisher, distributor, etc New Vishal Publications
Date of publication, distribution, etc 2019
300 ## - PHYSICAL DESCRIPTION
Extent 352p.
546 ## - LANGUAGE
Language note English
650 ## - SUBJECT ADDED ENTRY--TOPICAL TERM
Topical term or geographic name as entry element Entomology
650 ## - SUBJECT ADDED ENTRY--TOPICAL TERM
Topical term or geographic name as entry element Nematology
650 ## - SUBJECT ADDED ENTRY--TOPICAL TERM
Topical term or geographic name as entry element Pest Management,
650 ## - SUBJECT ADDED ENTRY--TOPICAL TERM
Topical term or geographic name as entry element Host plant resistance
650 ## - SUBJECT ADDED ENTRY--TOPICAL TERM
Topical term or geographic name as entry element Toxicology
700 ## - ADDED ENTRY--PERSONAL NAME
Personal name Elango, K
700 ## - ADDED ENTRY--PERSONAL NAME
Personal name Muthukumar, M
942 ## - ADDED ENTRY ELEMENTS (KOHA)
Source of classification or shelving scheme Dewey Decimal Classification
Koha item type Books (General)
Holdings
Lost status Source of classification or shelving scheme Damaged status Not for loan Collection code Home library Current library Shelving location Date acquired Cost, normal purchase price Total Checkouts Total Renewals Full call number Barcode Date last seen Date last borrowed Koha item type
  Dewey Decimal Classification     General KAU Central Library, Thrissur KAU Central Library, Thrissur General 11/08/2020 380.00 5 2 CE 632.703 TAM/EN 230641 27/05/2022 27/05/2022 Books (General)
Kerala Agricultural University Central Library
Thrissur-(Dt.), Kerala Pin:- 680656, India
Ph : (+91)(487) 2372219
E-mail: librarian@kau.in
Website: http://library.kau.in/